Statistiques concernant Oscar de la meilleure actrice dans un second rôle

Cliquez ici pour prendre le quiz!

Statistiques générales

  • Ce quiz a été pris 12 fois
  • Le résultat moyen est 9 sur 88

Statistiques - réponses

AnnéeFilmActrice% Correct
2023Everything, Everywhere, All at OnceJamie Lee Curtis
64%
1980Kramer contre KramerMeryl Streep
55%
2009Vicky Cristina BarcelonaPenelope Cruz
55%
2000Une vie voléeAngelina Jolie
45%
2005AviatorCate Blanchett
45%
2003ChicagoCatherine Zeta-Jones
36%
1999Shakespeare in LoveJudi Dench
36%
2020Marriage StoryLaura Dern
36%
2004Retour à Col MountainRenée Zellweger
36%
2013Les MisérablesAnne Hathaway
27%
1975Le Crime de l'Orient-ExpressIngrid Bergman
27%
1997Le Patient anglaisJuliette Binoche
27%
2011FighterMelissa Leo
27%
2015BoyhoodPatricia Arquette
27%
1994La Leçon de PianoAnna Paquin
18%
2024Winter BreakDa'Vine Joy Randolph
18%
2002Un homme d'exceptionJennifer Connelly
18%
1983TootsieJessica Lange
18%
1998L.A. ConfidentialKim Basinger
18%
2014Twelve Years a SlaveLupita Nyong'o
18%
1979California HôtelMaggie Smith
18%
1993Mon cousin VinnyMarisa Tomei
18%
2012La Couleur des SentimentsOctavia Spencer
18%
2019Si Beale Street pouvait parlerRegina King
18%
1962West Side StoryRita Moreno
18%
2008Michael ClaytonTilda Swinton
18%
2017FencesViola Davis
18%
1991GhostWhoopi Goldberg
18%
2016Danish GirlAlicia Vikander
9%
2018Moi, TonyaAllison Janney
9%
2022West Side StoryAriana DeBose
9%
1955Sur les quaisEva Marie Saint
9%
2007DreamgirlsJennifer Hudson
9%
2001PollockMarcia Gay Harden
9%
2010PreciousMo'Nique
9%
2006The Constant GardenerRachel Weisz
9%
1978JuliaVanessa Redgrave
9%
1938L'Incendie de ChicagoAlice Brady
0%
1986L'Honneur des PrizziAngelica Houston
0%
1947Le Fil du rasoirAnne Baxter
0%
1946Le Grand NationalAnne Revere
0%
1977Network : Main basse sur la télévisionBeatrice Straight
0%
1990My Left FootBrenda Fricker
0%
1948Le Mur invisibleCeleste Holm
0%
1949Key LargoClaire Trevor
0%
1972La Dernière SéanceCloris Leachman
0%
1995Coups de feu sur BroadwayDianne Wiest
0%
1987Hannah et ses sœursDianne Wiest
0%
1954Tant qu'il y aura des hommesDonna Reed
0%
1957Écrit sur du ventDorothy Malone
0%
1973Libres sont les papillonsEileen Heckart
0%
1968Bonnie et ClydeEstelle Parsons
0%
1945Rien qu'un cœur solitaireEthel Barrymore
0%
1939L'InsoumiseFay Binter
0%
1937Anthony AdverseGale Sondergaard
0%
1989Voyageur malgré luiGeena Davis
0%
1953Les EnsorcelésGloria Graham
0%
1970Fleur de CactusGoldie Hawn
0%
1940Autant en emporte le ventHattie McDaniel
0%
1971AirportHelen Hayes
0%
1941Les Raisins de la ColèreJane Darwell
0%
1951HarveyJosephine Hull
0%
1956À l'est d'ÉdenJo Van Fleet
0%
1944Pour qui sonne le glasKarína Paxinoú
0%
1952Un tramway nommé DésirKim Hunter
0%
1976ShampooLee Grant
0%
1965Zorba le GrecLila Kedrova
0%
1984L'Année de tous les dangersLinda Hunt
0%
1964Hôtel internationalMargaret Rutherford
0%
1942Le Grand MensongeMary Astor
0%
1981Melvin and HowardMary Steenburgen
0%
1982RedsMaureen Stapleton
0%
1950Les Fous du RoiMercedes McCambridge
0%
1992Le Roi PêcheurMercedes Ruehl
0%
1996Maudite AphroditeMira Sorvino
0%
1958SayonaraMiyoshi Umeki
0%
1988Éclair de luneOlympia Dukakis
0%
1963Miracle en AlabamaPatty Duke
0%
1985La Route des IndesPeggy Ashcroft
0%
1969Rosemary's BabyRuth Gordon
0%
1967Qui a peur de Virginia Woolf ?Sandy Dennis
0%
1960Le Journal d'Anne FrankShelley Winters
0%
1966Un coin de ciel bleuShelley Winters
0%
1961Elmer Gantry le charlatanShirley Jones
0%
1974La Barbe à papaTatum O'Neal
0%
1943Madame MiniverTeresa Wright
0%
1959Tables séparéesWendy Hiller
0%
2021MinariYoun Yuh-jung
0%

Distribution des résultats

Percentile par nombre de réponses

% des personnes avec chaque résultat

Votre développement - résultats

Vous n’avez pas pris ce quiz